01623 a2200241 4500003000500000005001700005010001700022020001800039040000900057082001500066100002900081245007900110250001200189260004600201300003600247505074200283650003101025700003401056942002401090999001901114952012401133952012401257Nust20221205102559.0 a 2003103558 a (alk. paper) cNust a150.19,SCH1 aSchultz, Duane P.93712412aA history of modern psychology / cDuane P. Schultz, Sydney Ellen Schultz. a6th ed. aBelmont, CA :bThomson/Wadsworth,cc2004. axviii, 534 p. :bill. ;c25 cm. a The Study of the History of Psychology (Page-1), Philosophical in Influences on Psychology (Page-21), Physiological Influences on Psychology (Page-49), The New Psychology (Page-69), Structuralism (Page-99), Functionalism Antecedent Influences (Page-123), Functionalism Development and Founding (Page-147), Functionalism Legacy Applied Psychology (Page-179), Behaviorism Antecedent Influences (Page-225), Behaviorism the Beginning (Page-251), Behaviorism After the Foundation (Page-285), Gestalt Psychology (Page-321), Psychoanalysis the Beginnings (Page-355), Psychoanalysis Dissenters and Descendants (Page-401), Humanistic Psychology and Cognitive Psychology (Page-433), Gender and Race in the History of Psychology (Page-463).  0aPsychologyxHistory9370261 aSchultz, Sydney Ellen.937125 2ddccBKk150.19,SCH c176986d176986 00102ddc4070aMCSbMCScGENd2016-12-12o150.19,SCHpMCS33603r2016-12-08w2016-12-12yBKzAlmirah No.46, Shelf No.3 00102ddc4070aMCSbMCScGENd2016-12-12o150.19,SCHpMCS33604r2016-12-08w2016-12-12yBKzAlmirah No.73, Shelf No.1